Impact of covid-19 on domestic violence against women: A study of the infectious shadow (Record no. 527651)

000 -LEADER
fixed length control field 01509nam a22001577a 4500
008 - FIXED-LENGTH DATA ELEMENTS--GENERAL INFORMATION
fixed length control field 240912b ||||| |||| 00| 0 eng d
100 ## - MAIN ENTRY--PERSONAL NAME
Personal name Ajitha, S.
245 ## - TITLE STATEMENT
Title Impact of covid-19 on domestic violence against women: A study of the infectious shadow
260 ## - PUBLICATION, DISTRIBUTION, ETC. (IMPRINT)
Place of publication, distribution, etc Bihar Journal of Public Administration
300 ## - PHYSICAL DESCRIPTION
Extent 21(1), Jan-Jun, 2024: p.89-97
520 ## - SUMMARY, ETC.
Summary, etc Violence, in all its forms, is a severe infringement of fundamental rights. Violence is not an isolated occurrence but rather a concealed aspect of life. When we consider the surge in violence against girls and women during the COVID-19 pandemic, it reveals an alarming increase in domestic abuse, which remains hidden in the shadows. This issue demands immediate attention as it paves the way for another silent pandemic that may be even more menacing than the ongoing spread of COVID-19. Government agencies and policymakers must prioritise addressing these forms of violence. Concurrently, intensify the dissemination of awareness alongside global pandemic mitigation measures. This paper aims to shed light on the current trends in the spread of this shadow pandemic, emphasising the urgency of addressing this issue. – Reproduced

http://www.iipabiharbranch.org/upload/BJPA_Vol.%20XXI%20No.%201%20Jan-June.%202024.pdf
650 ## - SUBJECT ADDED ENTRY--TOPICAL TERM
Topical term or geographic name as entry element Pandemic, Domestic violence, Sexual abuse, Human rights, Menstrual health.
9 (RLIN) 47608
773 ## - HOST ITEM ENTRY
Main entry heading Bihar Journal of Public Administration
906 ## - LOCAL DATA ELEMENT F, LDF (RLIN)
Subject DIP DOMESTIC VIOLENCE
942 ## - ADDED ENTRY ELEMENTS (KOHA)
Item type Articles
Holdings
Withdrawn status Lost status Source of classification or shelving scheme Damaged status Not for loan Permanent location Current location Date acquired Serial Enumeration / chronology Barcode Date last seen Koha item type
          Indian Institute of Public Administration Indian Institute of Public Administration 2024-09-12 21(1), Jan-Jun, 2024: p.89-97 AR133088 2024-09-12 Articles

Powered by Koha